Data mining: practical machine learning tools and techniques
Saved in:
| Main Authors: | , |
|---|---|
| Format: | Book |
| Language: | English |
| Published: |
San Francisco
Morgan Kaufmann
2005
|
| Edition: | 2a. ed |
| Series: | Morgan Kaufmann Series in Data Management Systems
|
| Subjects: | |
| Tags: |
Add Tag
No Tags, Be the first to tag this record!
|
MARC
| LEADER | 00000nam a2200000 a 4500 | ||
|---|---|---|---|
| 001 | UCK9801 | ||
| 003 | CL-VaPUC | ||
| 008 | 060531e20050000US |||||||||||||||||eng|d | ||
| 020 | |a 0120884070 | ||
| 082 | 0 | 4 | |a 006.3 |b WIT |2 21 |
| 100 | 0 | |a Witten, Ian H |e author |9 499726 | |
| 700 | 0 | |a Frank, Eibe |e author |9 499727 | |
| 245 | 1 | 0 | |a Data mining: practical machine learning tools and techniques |
| 250 | |a 2a. ed | ||
| 300 | |a 524 p | ||
| 942 | |c BK | ||
| 945 | |d 20060531 00:00:00 |a jtorresc | ||
| 260 | |a San Francisco |b Morgan Kaufmann |c 2005 | ||
| 650 | 7 | |a INTELIGENCIA ARTIFICIAL |2 CL-VaPUC |9 499728 | |
| 650 | 0 | |a Proceso de datos |9 259776 | |
| 650 | 7 | |a POTIMIZACION |2 CL-VaPUC |9 499729 | |
| 650 | 0 | |a Bases de datos |9 260577 | |
| 583 | |a last modification |c 20060531 00:00:00 |k Rodrigo Vera | ||
| 490 | 0 | |a Morgan Kaufmann Series in Data Management Systems | |
| 999 | |c 316862 |d 316860 | ||
| 952 | |0 0 |1 0 |4 0 |6 006_300000000000000_WIT_2005 |7 0 |8 A |9 392396 |a FDOPOS |b FDOPOS |d 2019-11-22 |i 4235819 |o 006.3 WIT 2005 |p 4235819 |r 2025-01-22 |w 2019-11-22 |y BK |k MLA | ||